| 000 | 00533nam a22001932 4500 | ||
|---|---|---|---|
| 001 | 0000001995 | ||
| 005 | 20170406113903.0 | ||
| 008 | 140211s xx 000 0 eng d | ||
| 020 |
_a9780850926736 : _c$ |
||
| 040 |
_aYour Holding Symbol _cYour Holding Symbol |
||
| 100 | 1 | _aPeretz,David. | |
| 245 | 1 | 0 | _aSmall states in the global economy. |
| 250 | _a ed. | ||
| 260 |
_alondon : _bCommonwealth secretariat, _c2001. |
||
| 300 |
_a615 p. ; _c cm. |
||
| 504 | _aindex. | ||
| 650 | 0 | _aeconomics. | |
| 908 | _a140211 | ||
| 999 |
_c1905 _d1905 |
||